Sun Pictures (Record no. 3466)

MARC details
000 -CABECERA
campo de control de longitud fija 01062nam a2200265 a 4500
001 - NÚMERO DE CONTROL
campo de control BRCA_3737
005 - FECHA Y HORA DE LA ÚLTIMA TRANSACCIÓN
campo de control 20190320204414.0
008 - DATOS DE LONGITUD FIJA--INFORMACIÓN GENERAL
campo de control de longitud fija 040507s2002 nyua---##b---#000-0#eng-d
020 ## - NÚMERO INTERNACIONAL ESTÁNDAR DEL LIBRO
Número Internacional Estándar del Libro 18925350902
041 ## - CÓDIGO DE LENGUA
Código de lengua del texto/banda sonora o título independiente eng
044 ## - CÓDIGO DEL PAÍS DE LA ENTIDAD EDITORA/PRODUCTORA
Código MARC del país nyu
050 #4 - SIGNATURA TOPOGRÁFICA DE LA BIBLIOTECA DEL CONGRESO
Número de clasificación TR395
Número de documento/Ítem .K73 2002
100 1# - ENTRADA PRINCIPAL--NOMBRE DE PERSONA
Nombre de persona Kraus, Hans P.
Títulos y otros términos asociados al nombre Jr.
9 (RLIN) 9722
245 10 - MENCIÓN DE TÍTULO
Título Sun Pictures
Resto del título Catalogue Eleven : St. Andrews and Early Scottish Photography Including Hill & Adamson
Mención de responsabilidad, etc. Hans P. Kraus ; text by Larry J. Schaaf.
260 ## - PUBLICACIÓN, DISTRIBUCIÓN, ETC.
Lugar de publicación, distribución, etc. New York
Nombre del editor, distribuidor, etc. Hans P. Kraus, Jr., Inc.
Fecha de publicación, distribución, etc. c2002
300 ## - DESCRIPCIÓN FÍSICA
Extensión 87 p.
Otras características físicas il. (algunas a color)
Dimensiones 28 cm.
500 ## - NOTA GENERAL
Nota general Catálogo de la exposición realizada en la Galería Hans P. Kraus, Jr., Inc., 21 octubre - 15 noviembre, 2002
504 ## - NOTA DE BIBLIOGRAFÍA, ETC.
Nota de bibliografía, etc. Incluye referencias bibliográficas
600 14 - PUNTO DE ACCESO ADICIONAL DE MATERIA--NOMBRE DE PERSONA
Nombre de persona Hill, David Octavius
Fechas asociadas al nombre 1802-1870
Subdivisión de forma Catálogos
9 (RLIN) 9723
600 14 - PUNTO DE ACCESO ADICIONAL DE MATERIA--NOMBRE DE PERSONA
Nombre de persona Adamson, John
Fechas asociadas al nombre 1809-1870
Subdivisión de forma Catálogos
9 (RLIN) 9724
650 14 - PUNTO DE ACCESO ADICIONAL DE MATERIA--TÉRMINO DE MATERIA
Término de materia o nombre geográfico como elemento de entrada Fotografía
Subdivisión de forma Catálogos
Subdivisión general Historia
Subdivisión cronológica Siglo XIX
Subdivisión geográfica Escocia
9 (RLIN) 9725
650 14 - PUNTO DE ACCESO ADICIONAL DE MATERIA--TÉRMINO DE MATERIA
Término de materia o nombre geográfico como elemento de entrada Calotipo
Subdivisión de forma Catálogos
9 (RLIN) 9726
700 1# - PUNTO DE ACCESO ADICIONAL--NOMBRE DE PERSONA
Nombre de persona Schaaf, Larry J.
Fechas asociadas al nombre 1947-
9 (RLIN) 9727
942 ## - ELEMENTOS DE PUNTO DE ACCESO ADICIONAL (KOHA)
Fuente del sistema de clasificación o colocación Library of Congress Classification
Tipo de ítem Koha Libros
Holdings
Estado de retiro Estado de pérdida Estado dañado No para préstamo Localización permanente Ubicación/localización actual Fecha de adquisición Total de préstamos Signatura topográfica completa Código de barras Fecha visto por última vez Precio válido a partir de Tipo de ítem Koha
El ejemplar forma parte de la colección y puede ser consultado según las políticas vigentes.       Biblioteca del Museo Franz Mayer (Rogerio Casas-Alatriste) Biblioteca del Museo Franz Mayer (Rogerio Casas-Alatriste) 15/09/2009   TR395 .K73 2002 02436 22/03/2019 22/03/2019 Libros